Futbol Científico

Uloženo v:
Podrobná bibliografie
Hlavní autoři: Macdonald, Roger (autor), Batty, Eric (Autor)
Médium: Kniha
Jazyk:španělština
Vydáno: Barcelona Hispano Europea 1971
Edice:Colección Herakles: Biblioteca Enciclopédica de los Deportes, Serie T.D. Técnicas Deportivas
Témata:
Tagy: Přidat tag
Žádné tagy, Buďte první, kdo vytvoří štítek k tomuto záznamu!

MARC

LEADER 00000nam a2200000 a 4500
001 UCZ7119
003 CL-VaPUC
008 951222e19710000SP |||||||||||||||||spa|d
082 0 4 |a 796.334  |b MAC  |2 21 
100 |a Macdonald, Roger  |e autor  |9 351862 
700 0 |a Batty, Eric  |e author  |9 351863 
245 1 0 |a Futbol Científico 
300 |a 174 p 
942 |c BK 
945 |d 19951222 00:00:00  |a cmena 
260 |a Barcelona  |b Hispano Europea  |c 1971 
650 0 |a Fútbol  |9 307513 
650 7 |a DEPORTE  |2 CL-VaPUC  |9 351864 
650 7 |a JUEGOS DE PELOTA  |2 CL-VaPUC  |9 340284 
650 0 |a Actividades de tiempo libre   |9 334349 
650 7 |a EJERCICIO  |2 CL-VaPUC  |9 310040 
583 |a last modification  |c 19951222 00:00:00  |k Rodrigo Vera 
490 0 |a Colección Herakles: Biblioteca Enciclopédica de los Deportes, Serie T.D. Técnicas Deportivas 
999 |c 243242  |d 243240 
952 |0 0  |1 0  |4 0  |6 796_334000000000000_MAC_1971  |7 0  |8 P  |9 256765  |a BIBEDU  |b BIBEDU  |c BIBEDU_PB  |d 2019-11-19  |i 1608932  |o 796.334 MAC 1971  |p 1608932  |r 2024-01-25  |w 2019-11-19  |y BK  |k EDU